Filosofía del lenguaje

Shranjeno v:
Bibliografske podrobnosti
Glavni avtor: Von Kutschera, Franz
Format: Knjiga
Jezik:Undetermined
Izdano: Madrid, España Gredos 1979
Teme:
Oznake: Označite
Brez oznak, prvi označite!

MARC

LEADER 00000nam a2200000Ia 4500
008 170316s9999 xx 000 0 und d
090 |a 410 V-13f 
100 |a Von Kutschera, Franz 
245 |a Filosofía del lenguaje 
260 |a Madrid, España 
260 |b Gredos 
260 |c 1979 
300 |a 409 páginas 
650 |a LINGÜÍSTICA 
999 |c 18786  |d 18786 
040 |a cru BVZT 
942 |c 15 D  |h 410 V-13f  |2 z